01001nas a2200241Ia 4500001001100000003000900011008004100020040001300061040001300074041001300087100003800100210002100138222002100159245009500180250001100275260003600286501008600322300001000408310001200418362003300430500026000463650003600723R022/42992IT-RoPAU151124c99999999xx |||||||||||| ||und|| aIT-RoPAU cIT-RoPAU aITALIANO aAA.VV. gCodice Aut. SPICS: 12000 aINFORMAZIONI MCS aInformazioni Mcs aINFORMAZIONI MCS, ANNO 17-N.04 (APRILE 1974)bInformazioni Mcs, Anno 17-N.04 (Aprile 1974) a1a ed. aVICENZAbINFORMAZIONI MCSc1974 bPaulus - SPICS - Società San Paolo EM (non-commercial uses only)cCopyright2015 a40 p. aMENSILE aANNO 017, N.04 (APRILE 1974) aEvangelizzazione nel Mondo Contemporaneo. Schede Critiche dei Film: la Quinta Offensiva, Jack London la Mia Grande Avventura, la Signora del Blues, una Donna e una Canaglia, il Ritorno di Ringo, Assassino di Pietra, il Diavolo al Volante, Agente Speciale  aCINEMAvPUBBLICAZIONE PERIODICA